000 00634cam a2200229 4500
001 J107129
008 000000n2000 000 0 eng u
035 _a(Sirsi) u107129
050 _a333.3309421
110 _aChesterton
_92357
245 _aLondon residential trends - Quarter one, quarter two, quarter three and quarter four 2000
260 _aLondon
_bChesterton
_c2000
300 _a4 pt. ; 30cm.
650 _aRESIDENTIAL PROPERTY
_96266
650 _aRENTAL YIELDS
650 _aRENTAL VALUE
650 _aLONDON
650 _aHOUSE PRICES
650 _aPRIVATE RENTED SECTOR
690 _aHOUSING
942 _n0
999 _c100658
_d100658